[Event "FIN-chT 2324"]
[Site "Finland"]
[Date "2023.09.23"]
[Round "1.1"]
[White "Nyback, Tomi"]
[Black "Sepp, Olav"]
[Result "1-0"]
[WhiteElo "2561"]
[BlackElo "2391"]
[PlyCount "79"]
[EventDate "2023.09.23"]
[EventType "team-tourn"]
[EventRounds "12"]
[EventCountry "FIN"]
[SourceTitle "EXT 2024"]
[Source "ChessBase"]
[SourceDate "2023.10.10"]
[SourceVersion "1"]
[SourceVersionDate "2023.10.10"]
[SourceQuality "1"]
[WhiteTeam "Helsinki Aatos"]
[BlackTeam "Vantaa EtVaS"]
[WhiteTeamCountry "FIN"]
[BlackTeamCountry "FIN"]

1. d4 Nf6 2. c4 g6 3. Nc3 Bg7 4. e4 d6 5. Be2 0-0 6. Be3 Nc6 7. d5 Ne5 8. Rc1 c6 9. Nf3 Nfg4 10. Bg5 h6 11. Nxe5 Nxe5 12. Be3 f5 13. exf5 gxf5 14. Qd2 Kh7 15. f4 Ng6 16. Bd4 Bxd4 17. Qxd4 Qb6 18. Qxb6 axb6 19. 0-0 Bd7 20. Bh5 e6 21. dxe6 Bxe6 22. b3 Bf7 23. Rcd1 Rfd8 24. Rd2 Kg7 25. Bxg6 Kxg6 26. Rfd1 d5 27. cxd5 Bxd5 28. Nxd5 Rxd5 29. Rxd5 cxd5 30. Rxd5 Rxa2 31. h3 Re2 32. Rd6+ Kg7 33. Rxb6 Re7 34. Kf2 Rd7 35. Kg3 Kh7 36. Kh4 Rg7 37. g3 Rd7 38. Rf6 Rd3 39. Rf7+ Kg6 40. Rxb7 1-0

[Event "FIN-chT 2022"]
[Site "Finland"]
[Date "2022.04.10"]
[Round "2.2"]
[White "Kiik, Kalle"]
[Black "Sepp, Olav"]
[Result "1/2-1/2"]
[WhiteElo "2380"]
[BlackElo "2392"]
[PlyCount "71"]
[EventDate "2020.09.12"]
[EventType "team-tourn"]
[EventRounds "11"]
[EventCountry "FIN"]
[SourceTitle "EXT 2023"]
[Source "ChessBase"]
[SourceDate "2022.10.05"]
[SourceVersion "1"]
[SourceVersionDate "2022.10.05"]
[SourceQuality "1"]
[WhiteTeam "Salo SalSK"]
[BlackTeam "Vantaa EtVaS"]
[WhiteTeamCountry "FIN"]
[BlackTeamCountry "FIN"]

1. e4 e5 2. Nc3 Nf6 3. g3 d5 4. exd5 Nxd5 5. Bg2 Nxc3 6. bxc3 Bc5 7. d3 0-0 8. Ne2 Nc6 9. 0-0 Bg4 10. h3 Be6 11. c4 Qd7 12. Kh2 Rad8 13. Nc3 Bd4 14. Bd2 Qc8 15. Qh5 f5 16. Rab1 e4 17. Nd5 Bxd5 18. cxd5 Rxd5 19. c3 Bb6 20. Bxe4 Rd6 21. Bxc6 bxc6 22. d4 Qa6 23. Bf4 Re6 24. Ra1 Qc4 25. Be5 Qxc3 26. Qg5 Rg6 27. Qf4 Qc4 28. a4 a5 29. Rfd1 Rf7 30. Qf3 Qd5 31. Qxd5 cxd5 32. Rac1 Kf8 33. Rd3 Ke8 34. f4 Kd8 35. Rb3 Rd7 36. Rc2 1/2-1/2

[Event "Puhajarve Rapid op 21st"]
[Site "Puhajarve"]
[Date "2021.11.27"]
[Round "19"]
[White "Sepp, Olav"]
[Black "Fridman, Daniel"]
[Result "0-1"]
[WhiteElo "2392"]
[BlackElo "2626"]
[PlyCount "60"]
[EventDate "2021.11.26"]
[EventType "tourn (rapid)"]
[EventRounds "37"]
[EventCountry "EST"]
[SourceTitle "CBM 205 Extra"]
[Source "ChessBase"]
[SourceDate "2022.01.31"]
[SourceVersion "1"]
[SourceVersionDate "2022.01.31"]
[SourceQuality "1"]

1. Nf3 d5 2. g3 Nf6 3. Bg2 c5 4. 0-0 Nc6 5. d4 e6 6. c4 dxc4 7. dxc5 Qxd1 8. Rxd1 Bxc5 9. Nbd2 c3 10. bxc3 0-0 11. Nb3 Be7 12. Nfd4 Nxd4 13. cxd4 Nd5 14. Bd2 f5 15. Rac1 b6 16. Bxd5 exd5 17. Bf4 Ba6 18. e3 Rac8 19. h4 Ba3 20. Rxc8 Rxc8 21. Nd2 Rc2 22. Nb1 Bb4 23. Kg2 Be2 24. Rg1 Bd3 25. a3 Be4+ 26. Kh3 Ba5 27. g4 fxg4+ 28. Kxg4 Rxf2 29. Rc1 Rc2 30. Rg1 Rb2 0-1

[Event "Puhajarve Rapid op 21st"]
[Site "Puhajarve"]
[Date "2021.11.26"]
[Round "10"]
[White "Samberk, Vahur"]
[Black "Sepp, Olav"]
[Result "0-1"]
[WhiteElo "1639"]
[BlackElo "2392"]
[PlyCount "52"]
[EventDate "2021.11.26"]
[EventType "tourn (rapid)"]
[EventRounds "37"]
[EventCountry "EST"]
[SourceTitle "CBM 205 Extra"]
[Source "ChessBase"]
[SourceDate "2022.01.31"]
[SourceVersion "1"]
[SourceVersionDate "2022.01.31"]
[SourceQuality "1"]

1. e4 e5 2. Nf3 Nc6 3. Bc4 Nf6 4. Nc3 Nxe4 5. Bxf7+ Kxf7 6. Nxe4 d5 7. Neg5+ Kg8 8. d3 h6 9. Nh3 Bd6 10. c3 Qf6 11. Nhg1 Kh7 12. h3 Rf8 13. Qc2 Bf5 14. Qe2 Rae8 15. Kd2 e4 16. dxe4 dxe4 17. Ne1 Qg5+ 18. Kd1 Bf4 19. Bxf4 Qxf4 20. Qe3 Qd6+ 21. Kc2 Ne5 22. Rd1 Qa6 23. Kb1 Nc4 24. Qe2 e3+ 25. Ka1 exf2 26. Qxf2 Bb1 0-1

[Event "Viljandi Raud Memorial 54th"]
[Site "Viljandi"]
[Date "2020.07.12"]
[Round "9"]
[White "Kulaots, Kaido"]
[Black "Sepp, Olav"]
[Result "1-0"]
[WhiteElo "2524"]
[BlackElo "2410"]
[PlyCount "67"]
[EventDate "2020.07.06"]
[EventType "swiss"]
[EventRounds "9"]
[EventCountry "EST"]
[SourceTitle "CBM 197 Extra"]
[Source "ChessBase"]
[SourceDate "2020.09.30"]
[SourceVersion "1"]
[SourceVersionDate "2020.09.30"]
[SourceQuality "1"]

1. e4 e5 2. Nf3 Nc6 3. Bc4 Nf6 4. d3 h6 5. c3 d6 6. Nbd2 g5 7. Nf1 Bg7 8. Ne3 0-0 9. h4 g4 10. Nh2 h5 11. f3 Na5 12. Bb5 a6 13. Ba4 d5 14. fxg4 dxe4 15. g5 Nd5 16. dxe4 Nf4 17. 0-0 f6 18. b4 b5 19. Qxd8 Rxd8 20. Bd1 Nb7 21. gxf6 Bxf6 22. g3 Bh3 23. Rf3 Kh7 24. Ba3 Rg8 25. Kh1 Bg4 26. Nhxg4 hxg4 27. Rf1 Nh5 28. Kg2 Nd6 29. Nf5 Rad8 30. Bb3 Rgf8 31. Nxd6 Rxd6 32. Rad1 Rfd8 33. Rxd6 cxd6 34. Bf7 1-0

[Event "Viljandi Raud Memorial 54th"]
[Site "Viljandi"]
[Date "2020.07.11"]
[Round "8"]
[White "Sepp, Olav"]
[Black "Meskovs, Nikita"]
[Result "1/2-1/2"]
[WhiteElo "2410"]
[BlackElo "2582"]
[PlyCount "120"]
[EventDate "2020.07.06"]
[EventType "swiss"]
[EventRounds "9"]
[EventCountry "EST"]
[SourceTitle "CBM 197 Extra"]
[Source "ChessBase"]
[SourceDate "2020.09.30"]
[SourceVersion "1"]
[SourceVersionDate "2020.09.30"]
[SourceQuality "1"]

1. Nf3 d5 2. g3 Nc6 3. d4 Bf5 4. Bg2 Nb4 5. Na3 e6 6. 0-0 Nf6 7. Nh4 Bg6 8. Nxg6 hxg6 9. c4 c6 10. Qb3 Qd7 11. Rd1 Be7 12. Nb1 Rd8 13. Nc3 Na6 14. Bf4 0-0 15. Bh3 dxc4 16. Qxc4 Nd5 17. Bc1 Qd6 18. e4 Nb6 19. Qb3 Qb4 20. Be3 Nc4 21. Bf1 Nxe3 22. fxe3 Bg5 23. Bxa6 Bxe3+ 24. Kg2 Qxb3 25. axb3 bxa6 26. d5 cxd5 27. exd5 Rd6 28. dxe6 Rxe6 29. Nd5 Bg5 30. h4 Bd8 31. Kf3 Rfe8 32. Rd3 Kh7 33. b4 Rc6 34. b5 axb5 35. Rxa7 Rc1 36. Nf4 Re7 37. Rxe7 Bxe7 38. Rd7 Bf6 39. Rxf7 Rb1 40. Nd5 Bxb2 41. Rb7 Be5 42. g4 Rh1 43. Rxb5 Rxh4 44. Nf4 Bc3 45. Rc5 Bf6 46. g5 Be7 47. Rd5 Rh1 48. Kg4 Rg1+ 49. Kh4 Rc1 50. Kg4 Rc4 51. Kf3 Rc6 52. Kg4 Kg8 53. Rd7 Kf8 54. Rc7 Rxc7 55. Ne6+ Kf7 56. Nxc7 Bd6 57. Nd5 Ke6 58. Ne3 Bb4 59. Ng2 Bd2 60. Nh4 Kf7 1/2-1/2

[Event "Viljandi Raud Memorial 54th"]
[Site "Viljandi"]
[Date "2020.07.09"]
[Round "5"]
[White "Sepp, Olav"]
[Black "Shishkov, Andrei"]
[Result "1/2-1/2"]
[WhiteElo "2410"]
[BlackElo "2390"]
[PlyCount "20"]
[EventDate "2020.07.06"]
[EventType "swiss"]
[EventRounds "9"]
[EventCountry "EST"]
[SourceTitle "CBM 197 Extra"]
[Source "ChessBase"]
[SourceDate "2020.09.30"]
[SourceVersion "1"]
[SourceVersionDate "2020.09.30"]
[SourceQuality "1"]

1. g3 e5 2. c4 Nc6 3. Bg2 g6 4. Nc3 Bg7 5. d3 d6 6. Rb1 a5 7. a3 f5 8. e3 Nf6 9. Nge2 0-0 10. 0-0 Ne7 1/2-1/2

[Event "Puhajarve rap op 20th"]
[Site "Puhajarve"]
[Date "2019.12.01"]
[Round "33"]
[White "Jussupow, Artur"]
[Black "Sepp, Olav"]
[Result "1-0"]
[WhiteElo "2563"]
[BlackElo "2412"]
[PlyCount "62"]
[EventDate "2019.11.29"]
[EventType "tourn (rapid)"]
[EventRounds "35"]
[EventCountry "EST"]
[SourceTitle "CBM 193 Extra"]
[Source "ChessBase"]
[SourceDate "2020.01.31"]
[SourceVersion "1"]
[SourceVersionDate "2020.01.31"]
[SourceQuality "1"]

1. d4 Nf6 2. Nf3 g6 3. Bf4 Bg7 4. e3 0-0 5. Be2 d6 6. h3 c5 7. Nbd2 Nc6 8. c3 cxd4 9. exd4 Re8 10. Nc4 b5 11. Ne3 a6 12. d5 Nb8 13. 0-0 Bb7 14. a4 bxa4 15. Rxa4 Nbd7 16. c4 Nc5 17. Ra2 a5 18. Nd4 Qb6 19. Nec2 a4 20. Re1 Nfd7 21. Bf1 Nb3 22. Nb5 Ndc5 23. Bg5 Be5 24. Na1 Ba6 25. Nc3 Rab8 26. Nxa4 Nxa4 27. Rxa4 Nc5 28. Ra2 Qb4 29. Bd2 Qb6 30. b4 Nd7 31. c5 Bc8 1-0

[Event "Puhajarve rap op 20th"]
[Site "Puhajarve"]
[Date "2019.11.30"]
[Round "19"]
[White "Sepp, Olav"]
[Black "Volodin, Aleksandr"]
[Result "1/2-1/2"]
[WhiteElo "2412"]
[BlackElo "2494"]
[PlyCount "91"]
[EventDate "2019.11.29"]
[EventType "tourn (rapid)"]
[EventRounds "35"]
[EventCountry "EST"]
[SourceTitle "CBM 193 Extra"]
[Source "ChessBase"]
[SourceDate "2020.01.31"]
[SourceVersion "1"]
[SourceVersionDate "2020.01.31"]
[SourceQuality "1"]

1. Nf3 d5 2. g3 c5 3. Bg2 Nf6 4. 0-0 h6 5. c4 d4 6. e3 Nc6 7. exd4 cxd4 8. d3 e6 9. Re1 Bd6 10. Nbd2 0-0 11. a3 a5 12. Qc2 e5 13. c5 Bc7 14. Nc4 Re8 15. Bd2 Bf5 16. b4 e4 17. dxe4 Bxe4 18. Qb3 a4 19. Qd1 Qd5 20. Rc1 Na7 21. Bf4 Bxf4 22. gxf4 Rad8 23. Nd6 Rxd6 24. cxd6 Nc6 25. Rc5 Qxd6 26. Ne5 Bxg2 27. Kxg2 Nd5 28. Qf3 Nce7 29. Nd3 Rd8 30. Qe4 Ng6 31. Kg3 Nf6 32. Qf5 h5 33. h4 Ne7 34. Qe5 Qd7 35. Qxe7 Qg4+ 36. Kh2 Qxh4+ 37. Kg1 Qg4+ 38. Kf1 Qh3+ 39. Kg1 Qg4+ 40. Kf1 Qh3+ 41. Kg1 Re8 42. Qd6 Qg4+ 43. Kf1 Qh3+ 44. Kg1 Qg4+ 45. Kf1 Qh3+ 46. Kg1 1/2-1/2

[Event "FIN-chT 1920"]
[Site "Finland"]
[Date "2019.11.24"]
[Round "6.2"]
[White "Sychev, Klementy"]
[Black "Sepp, Olav"]
[Result "1-0"]
[WhiteElo "2579"]
[BlackElo "2412"]
[PlyCount "95"]
[EventDate "2019.09.14"]
[EventType "team-tourn"]
[EventRounds "11"]
[EventCountry "FIN"]
[SourceTitle "CBM 194 Extra"]
[Source "ChessBase"]
[SourceDate "2020.03.31"]
[SourceVersion "1"]
[SourceVersionDate "2020.03.31"]
[SourceQuality "1"]
[WhiteTeam "Espoo MatSK"]
[BlackTeam "Vantaa EtVaS"]
[WhiteTeamCountry "FIN"]
[BlackTeamCountry "FIN"]

1. d4 Nf6 2. c4 d6 3. Nc3 Bf5 4. Nf3 g6 5. h3 Ne4 6. Nxe4 Bxe4 7. Ng5 Bf5 8. e4 Bd7 9. Be3 Bg7 10. Qd2 0-0 11. Rd1 e5 12. dxe5 Bxe5 13. c5 Ba4 14. b3 Qf6 15. Rc1 Bc6 16. f4 Bb2 17. Rc2 Ba3 18. cxd6 cxd6 19. Bd3 Qa1+ 20. Qd1 Qxd1+ 21. Kxd1 Nd7 22. Re1 Nc5 23. Bxc5 dxc5 24. Re3 Rad8 25. Ke2 Bb4 26. e5 h6 27. Ne4 Bxe4 28. Rxe4 Rd7 29. Bc4 Kg7 30. a3 Bxa3 31. Ra2 Bb4 32. Rxa7 Rfd8 33. Kf3 b6 34. Rxd7 Rxd7 35. e6 fxe6 36. Rxe6 Ba5 37. g4 Rc7 38. f5 gxf5 39. gxf5 Bc3 40. Rg6+ Kh7 41. Rxb6 Kg7 42. Rg6+ Kh7 43. Bg8+ Kh8 44. Bd5 Kh7 45. Be4 Kh8 46. f6 Bd2 47. Bd5 Kh7 48. f7 1-0

[Event "EU-chT 22nd"]
[Site "Batumi"]
[Date "2019.10.31"]
[Round "7.4"]
[White "Dragun, Kamil"]
[Black "Sepp, Olav"]
[Result "1/2-1/2"]
[WhiteElo "2584"]
[BlackElo "2411"]
[PlyCount "75"]
[EventDate "2019.10.24"]
[EventType "team-swiss"]
[EventRounds "9"]
[EventCountry "GEO"]
[SourceTitle "CBM 193"]
[Source "ChessBase"]
[SourceDate "2019.12.31"]
[SourceVersion "1"]
[SourceVersionDate "2019.12.31"]
[SourceQuality "1"]
[WhiteTeam "Poland"]
[BlackTeam "Estonia"]
[WhiteTeamCountry "POL"]
[BlackTeamCountry "EST"]

1. d4 Nf6 2. c4 d6 3. Nf3 g6 4. g3 Bg7 5. Bg2 0-0 6. 0-0 Nc6 7. Nc3 e5 8. dxe5 Nxe5 9. Nxe5 dxe5 10. Qxd8 Rxd8 11. Bg5 Rd7 12. Rad1 c6 13. Na4 h6 14. Be3 Rxd1 15. Rxd1 Be6 16. b3 Nd7 17. h4 Bf8 18. Be4 f5 19. Bb1 Kf7 20. f3 b5 21. cxb5 cxb5 22. Nc3 a6 23. Nd5 Rc8 24. Kg2 a5 25. Bf2 Nf6 26. Nb6 Rc7 27. Bd3 a4 28. Bxb5 axb3 29. axb3 Bxb3 30. Rd8 Be6 31. Rb8 Be7 32. Ba4 g5 33. hxg5 hxg5 34. Na8 Rc3 35. Nb6 Rc7 36. Na8 Rc3 37. Nb6 Rc7 38. Na8 1/2-1/2

[Event "EU-chT 22nd"]
[Site "Batumi"]
[Date "2019.10.24"]
[Round "1.12"]
[White "Michalik, Peter"]
[Black "Sepp, Olav"]
[Result "1/2-1/2"]
[WhiteElo "2578"]
[BlackElo "2411"]
[PlyCount "88"]
[EventDate "2019.10.24"]
[EventType "team-swiss"]
[EventRounds "9"]
[EventCountry "GEO"]
[SourceTitle "CBM 193"]
[Source "ChessBase"]
[SourceDate "2019.12.31"]
[SourceVersion "1"]
[SourceVersionDate "2019.12.31"]
[SourceQuality "1"]
[WhiteTeam "Czech Republic"]
[BlackTeam "Estonia"]
[WhiteTeamCountry "CZE"]
[BlackTeamCountry "EST"]

1. e4 e5 2. Nf3 Nc6 3. Bb5 Nf6 4. 0-0 Nxe4 5. Re1 Nd6 6. Nxe5 Be7 7. Bf1 Nxe5 8. Rxe5 0-0 9. d4 Bf6 10. Re1 Nf5 11. d5 d6 12. Nd2 Bg5 13. Bd3 Nh6 14. h3 Re8 15. Ne4 Bxc1 16. Rxc1 Bd7 17. c4 f5 18. Nd2 Rxe1+ 19. Qxe1 Qf6 20. Nf3 b6 21. b4 c5 22. bxc5 Re8 23. Qc3 Qxc3 24. Rxc3 dxc5 25. Ra3 a5 26. Rb3 Rb8 27. Ne5 Ba4 28. Rb2 g6 29. Be2 Nf7 30. Nd3 Re8 31. Nf4 Re4 32. g3 Ne5 33. Rxb6 Bd1 34. Bxd1 Re1+ 35. Kg2 Rxd1 36. Rb5 g5 37. Ne2 Rd2 38. Nc3 Rc2 39. d6 Rxc3 40. Rxc5 Nf7 41. Rd5 Rxc4 42. d7 Kg7 43. d8Q Nxd8 44. Rxd8 Ra4 1/2-1/2

[Event "Viljandi Raud Olympic 53rd"]
[Site "Viljandi"]
[Date "2019.07.07"]
[Round "5.2"]
[White "Chukavin, Kirill"]
[Black "Sepp, Olav"]
[Result "1-0"]
[WhiteElo "2300"]
[BlackElo "2411"]
[PlyCount "112"]
[EventDate "2019.07.06"]
[EventType "k.o. (rapid)"]
[EventRounds "5"]
[EventCountry "EST"]
[SourceTitle "CBM 191 Extra"]
[Source "ChessBase"]
[SourceDate "2019.09.30"]
[SourceVersion "1"]
[SourceVersionDate "2019.09.30"]
[SourceQuality "1"]

1. e4 e5 2. Nf3 Nc6 3. Nc3 Nf6 4. Be2 d5 5. exd5 Nxd5 6. 0-0 Nxc3 7. bxc3 Bd6 8. d4 0-0 9. Re1 h6 10. Bb5 exd4 11. cxd4 Bg4 12. Bxc6 bxc6 13. h3 Bh5 14. Qd3 c5 15. dxc5 Bxc5 16. Qf5 Bd4 17. Nxd4 Qxd4 18. Be3 Bg6 19. Bxd4 Bxf5 20. c3 a5 21. Re5 Be6 22. Rc5 Rfc8 23. a4 c6 24. Rb1 Bd5 25. c4 Be4 26. Re1 Bc2 27. Bc3 Bxa4 28. Rxa5 Rxa5 29. Bxa5 Bb3 30. c5 Bd5 31. Bd2 Kh7 32. Be3 Re8 33. Rb1 Re4 34. Rd1 Rc4 35. Kh2 g5 36. Rc1 Re4 37. Rd1 f5 38. Rd4 Re8 39. h4 f4 40. Bd2 Kg6 41. hxg5 hxg5 42. f3 Kf5 43. Kg1 Ra8 44. Bc3 Ra3 45. Bb2 Ra5 46. Rb4 Rxc5 47. Rb8 Rc2 48. Rf8+ Kg6 49. Be5 Re2 50. Bd6 Rc2 51. Be7 Re2 52. Bd8 Re6 53. Rg8+ Kf7 54. Rxg5 Re8 55. Bc7 Kf6 56. Rg4 Ke6 1-0

[Event "Viljandi Raud Olympic 53rd"]
[Site "Viljandi"]
[Date "2019.07.06"]
[Round "2.3"]
[White "Jazdanovs, Aleksandrs"]
[Black "Sepp, Olav"]
[Result "0-1"]
[WhiteElo "2238"]
[BlackElo "2411"]
[PlyCount "90"]
[EventDate "2019.07.06"]
[EventType "k.o. (rapid)"]
[EventRounds "5"]
[EventCountry "EST"]
[SourceTitle "CBM 191 Extra"]
[Source "ChessBase"]
[SourceDate "2019.09.30"]
[SourceVersion "1"]
[SourceVersionDate "2019.09.30"]
[SourceQuality "1"]

1. e4 e5 2. Nf3 Nc6 3. Bb5 Nf6 4. d3 d6 5. c4 g6 6. 0-0 Bg7 7. Nc3 0-0 8. h3 Nh5 9. Nd5 Nb8 10. g4 c6 11. gxh5 Bxh3 12. hxg6 fxg6 13. Bg5 Qd7 14. Ne7+ Kh8 15. Nh4 Bg4 16. f3 Bh5 17. Ba4 Bf6 18. Nxc6 Nxc6 19. Bxc6 bxc6 20. Qd2 Qh3 21. Rf2 Qg3+ 22. Rg2 Bxg5 23. Qxg5 Qxg5 24. Rxg5 Rf4 25. Ng2 Rxf3 26. c5 Rxd3 27. cxd6 Re8 28. Rf1 Rxd6 29. Ne3 Kg7 30. Nc4 Rde6 31. Rc1 Kh6 32. Rg3 Rf6 33. Na5 Ree6 34. Rgc3 Rf4 35. Rc4 Bf3 36. Re1 Ref6 37. Nxc6 Rg4+ 38. Kh2 Rg2+ 39. Kh3 g5 40. Nxe5 g4+ 41. Nxg4+ Rxg4 42. Rf1 Kg5 43. Rc5+ Kf4 44. Rc3 Rg3+ 45. Kh2 Rfg6 0-1

[Event "Viljandi Raud Olympic 53rd"]
[Site "Viljandi"]
[Date "2019.07.06"]
[Round "2.2"]
[White "Sepp, Olav"]
[Black "Jazdanovs, Aleksandrs"]
[Result "1-0"]
[WhiteElo "2411"]
[BlackElo "2238"]
[PlyCount "55"]
[EventDate "2019.07.06"]
[EventType "k.o. (rapid)"]
[EventRounds "5"]
[EventCountry "EST"]
[SourceTitle "CBM 191 Extra"]
[Source "ChessBase"]
[SourceDate "2019.09.30"]
[SourceVersion "1"]
[SourceVersionDate "2019.09.30"]
[SourceQuality "1"]

1. Nf3 Nf6 2. g3 b6 3. Bg2 Bb7 4. 0-0 d5 5. d3 Nbd7 6. Nbd2 g6 7. Re1 Bg7 8. e4 dxe4 9. dxe4 e6 10. Qe2 0-0 11. e5 Nd5 12. Ne4 Qc8 13. c4 Nb4 14. Bf4 Rd8 15. Bg5 Bxe4 16. Qxe4 Nc5 17. Qh4 Rd3 18. Rad1 Qd7 19. Nd4 Re8 20. a3 h6 21. Be3 g5 22. Qg4 Bxe5 23. axb4 f5 24. Qe2 Rxd1 25. Rxd1 Rd8 26. Bc6 Qd6 27. Rd2 Bxd4 28. Rxd4 1-0

[Event "Viljandi Raud Olympic 53rd"]
[Site "Viljandi"]
[Date "2019.07.06"]
[Round "2.4"]
[White "Sepp, Olav"]
[Black "Jazdanovs, Aleksandrs"]
[Result "1/2-1/2"]
[WhiteElo "2411"]
[BlackElo "2238"]
[PlyCount "84"]
[EventDate "2019.07.06"]
[EventType "k.o. (rapid)"]
[EventRounds "5"]
[EventCountry "EST"]
[SourceTitle "CBM 191 Extra"]
[Source "ChessBase"]
[SourceDate "2019.09.30"]
[SourceVersion "1"]
[SourceVersionDate "2019.09.30"]
[SourceQuality "1"]

1. Nf3 Nf6 2. g3 c6 3. Bg2 d5 4. 0-0 g6 5. d3 Bg7 6. Nbd2 e6 7. e4 0-0 8. Re1 Nbd7 9. a4 b6 10. e5 Ne8 11. d4 Bb7 12. c3 c5 13. Nf1 h6 14. h4 a6 15. N1h2 Kh7 16. Bf4 b5 17. Qd2 cxd4 18. cxd4 bxa4 19. Ng4 h5 20. Ng5+ Kg8 21. Ne3 Bc6 22. g4 Nc7 23. gxh5 Nb6 24. Rac1 Bb5 25. hxg6 fxg6 26. Rxc7 Qxc7 27. Nxe6 Nc4 28. Nxc4 Qxc4 29. Nxf8 Rxf8 30. Be3 Qa2 31. Rc1 Bc4 32. Qa5 Qxb2 33. Bxd5+ Bxd5 34. Qxd5+ Kh7 35. h5 gxh5 36. Rc7 Qb1+ 37. Kg2 Rg8 38. Qf7 Qe4+ 39. Kh2 Qh4+ 40. Kg2 Qe4+ 41. Kh2 Qh4+ 42. Kg2 Qe4+ 1/2-1/2

[Event "FIN-chT 1819"]
[Site "Finland"]
[Date "2018.12.09"]
[Round "6.1"]
[White "Jouhki, Yrjo Markus"]
[Black "Sepp, Olav"]
[Result "1/2-1/2"]
[WhiteElo "2314"]
[BlackElo "2439"]
[PlyCount "41"]
[EventDate "2018.09.15"]
[EventType "team-tourn"]
[EventRounds "11"]
[EventCountry "FIN"]
[SourceTitle "CBM 187 Extra"]
[Source "ChessBase"]
[SourceDate "2018.11.04"]
[SourceVersion "1"]
[SourceVersionDate "2018.11.04"]
[SourceQuality "1"]
[WhiteTeam "Joensuu SK"]
[BlackTeam "Vantaa EtVaS"]
[WhiteTeamCountry "FIN"]
[BlackTeamCountry "FIN"]

1. e4 e5 2. Bc4 Nf6 3. d3 Nc6 4. Nf3 Be7 5. Bb3 0-0 6. c3 d6 7. Nbd2 Na5 8. Bc2 c5 9. h3 Nc6 10. Nf1 d5 11. Ng3 dxe4 12. dxe4 Qxd1+ 13. Bxd1 Re8 14. 0-0 Bf8 15. Re1 h6 16. Be2 a6 17. Be3 Be6 18. Nd2 Rad8 19. Ngf1 g6 20. Kh2 Kh7 21. a3 1/2-1/2

[Event "Puhajarve rap op 19th"]
[Site "Puhajarve"]
[Date "2018.11.25"]
[Round "32"]
[White "Sepp, Olav"]
[Black "Reizniece Ozola, Dana"]
[Result "1-0"]
[WhiteElo "2432"]
[BlackElo "2312"]
[PlyCount "115"]
[EventDate "2018.11.23"]
[EventType "tourn (rapid)"]
[EventRounds "35"]
[EventCountry "EST"]
[SourceTitle "CBM 187 Extra"]
[Source "ChessBase"]
[SourceDate "2018.11.04"]
[SourceVersion "1"]
[SourceVersionDate "2018.11.04"]
[SourceQuality "1"]

1. e4 g6 2. d4 d6 3. c3 Bg7 4. Nf3 Nf6 5. Bd3 0-0 6. 0-0 c5 7. h3 e6 8. dxc5 dxc5 9. e5 Nd5 10. Qe2 Nc6 11. Na3 a6 12. Re1 Qc7 13. Qe4 h6 14. Qh4 Nxe5 15. Nxe5 Bxe5 16. Bxh6 Bg7 17. Nc4 b5 18. Bxg7 Kxg7 19. Ne5 Bb7 20. c4 Nf6 21. Re3 Rh8 22. Qf4 bxc4 23. Bxc4 Nd5 24. Bxd5 exd5 25. Nxg6 Qxf4 26. Nxf4 Kf6 27. Rae1 Bc6 28. Nd3 d4 29. Re5 c4 30. Rc5 Bxg2 31. Kxg2 cxd3 32. Rd1 Rag8+ 33. Kh2 Rc8 34. Rxc8 Rxc8 35. Rxd3 Ke5 36. Kg3 Rc2 37. Ra3 Rc6 38. Kf3 Rh6 39. Ke2 Ke4 40. f3+ Ke5 41. Ra5+ Kf4 42. Rd5 Rxh3 43. Rxd4+ Ke5 44. Ra4 Rh2+ 45. Ke3 Rxb2 46. Ra5+ Ke6 47. Rxa6+ Ke5 48. Ra5+ Ke6 49. a4 Ra2 50. Ke4 Ra1 51. Ra6+ Ke7 52. Kf5 Ra3 53. f4 Rf3 54. Ra7+ Ke8 55. a5 Rf1 56. a6 Rf2 57. Rb7 Ra2 58. a7 1-0